Collins: diccionario inglés

-д хадгалсан:
Номзүйн дэлгэрэнгүй
Формат: Ном
Хэл сонгох:испани
англи
Хэвлэсэн: Barcelona Grijalbo 2000
Хэвлэл:6a. ed
Нөхцлүүд:
Шошгууд: Шошго нэмэх
Шошго байхгүй, Энэхүү баримтыг шошголох эхний хүн болох!

MARC

LEADER 00000nam a2200000 a 4500
001 UCN0773
003 CL-VaPUC
008 010330e20000000SP |||||||||||||||||spa|d
041 0 7 |a spa  |2 CL-VaPUC 
041 0 7 |a eng  |2 CL-VaPUC 
082 0 4 |a 423.61  |b COL  |2 21 
245 1 0 |a Collins: diccionario inglés 
246 1 0 |a Collins: spanish dictionary 
250 |a 6a. ed 
300 |a 2141 p 
942 |c BK 
945 |d 20010330 00:00:00  |a vberengu 
260 |a Barcelona  |b Grijalbo  |c 2000 
500 |a Incluye cd: Diccionario de sinónimos del inglés 
500 |a Ejemplar biblioteca de Historia, sin Cd-Rom 
650 0 |a Glosarios  |9 261047 
650 0 |a Diccionarios  |9 256200 
650 0 |a Español  |9 255372 
650 0 |a Inglés  |9 260023 
583 |a last modification  |c 20010330 00:00:00  |k Rodrigo Vera 
999 |c 294398  |d 294396 
952 |0 0  |1 0  |4 0  |6 423_610000000000000_COL_2000  |7 0  |8 X  |9 346774  |a BIBEDU  |b BIBEDU  |d 2019-11-20  |i 3707121  |l 2  |o 423.61 COL 2000  |p 3707121  |r 2025-04-10  |s 2025-04-10  |w 2019-11-20  |y BK_X  |k LIT 
952 |0 0  |1 0  |4 0  |6 423_610000000000000_COL_2000  |7 0  |8 X  |9 346775  |a BIBHIS  |b BIBHIS  |d 2019-11-20  |i 4103432  |o 423.61 COL 2000  |p 4103432  |r 2024-01-30  |w 2019-11-20  |y BK_X  |k HIS